00174nam a22000857a 4500082001100000100001100011245004100022260001700063300000800080 a691ARO aArora  aA Textbook of building Construction  aIndia c1986 a431